[Event "Team Championship Russia (Rapid, Women)"]
[Site "Sochi"]
[Date "2018.10.08"]
[Round "1.9"]
[White "Kirchei, Viktoriia"]
[Black "Shuvalova, Polina"]
[Result "0-1"]
[BlackElo "2342"]
[WhiteElo "1917"]
[LiveChessVersion "1.4.8"]

1. e4 {[%clk 0:15:18]} c6 {[%clk 0:15:18]} 2. d4 {[%clk 0:15:26]} d5
{[%clk 0:15:26]} 3. exd5 {[%clk 0:15:35]} cxd5 {[%clk 0:15:35]} 4. Bd3
{[%clk 0:15:43]} Nc6 {[%clk 0:15:44]} 5. c3 {[%clk 0:15:52]} Nf6 {[%clk 0:15:46]}
6. h3 {[%clk 0:16:00]} Qc7 {[%clk 0:15:20]} 7. Nf3 {[%clk 0:15:59]} g6
{[%clk 0:15:19]} 8. Bg5 {[%clk 0:15:40]} Bg7 {[%clk 0:15:10]} 9. Qc2
{[%clk 0:15:09]} O-O {[%clk 0:13:47]} 10. O-O {[%clk 0:14:24]} h6
{[%clk 0:13:48]} 11. Be3 {[%clk 0:13:26]} Bd7 {[%clk 0:13:00]} 12. Qd2
{[%clk 0:12:00]} g5 {[%clk 0:11:56]} 13. Nh2 {[%clk 0:11:14]} Ne4
{[%clk 0:10:57]} 14. Bxe4 {[%clk 0:10:27]} dxe4 {[%clk 0:11:16]} 15. f4
{[%clk 0:09:11]} exf3 {[%clk 0:11:16]} 16. Rxf3 {[%clk 0:09:01]} f5
{[%clk 0:10:24]} 17. Na3 {[%clk 0:08:19]} Rae8 {[%clk 0:09:18]} 18. Nb5
{[%clk 0:06:48]} Qb8 {[%clk 0:08:18]} 19. Rff1 {[%clk 0:05:19]} a6
{[%clk 0:07:40]} 20. Na3 {[%clk 0:05:04]} f4 {[%clk 0:07:42]} 21. Bf2
{[%clk 0:05:07]} b5 {[%clk 0:07:35]} 22. Qd1 {[%clk 0:04:41]} e5 {[%clk 0:07:27]}
23. d5 {[%clk 0:04:37]} Ne7 {[%clk 0:07:35]} 24. h4 {[%clk 0:03:31]} Qd6
{[%clk 0:05:03]} 25. hxg5 {[%clk 0:03:22]} hxg5 {[%clk 0:05:11]} 26. Qh5
{[%clk 0:03:10]} Rf6 {[%clk 0:04:18]} 27. Ng4 {[%clk 0:02:35]} Rg6
{[%clk 0:04:26]} 28. Rad1 {[%clk 0:02:08]} Kf7 {[%clk 0:04:16]} 29. c4
{[%clk 0:02:07]} Rh8 {[%clk 0:04:06]} 30. c5 {[%clk 0:01:51]} Qb8
{[%clk 0:04:14]} 31. Nxe5+ {[%clk 0:01:38]} Qxe5 {[%clk 0:03:50]} 32. Qf3
{[%clk 0:01:36]} Rgh6 {[%clk 0:03:56]} 33. g3 {[%clk 0:01:29]} Rh1+
{[%clk 0:03:15]} 34. Qxh1 {[%clk 0:01:34]} Rxh1+ {[%clk 0:03:23]} 35. Kxh1
{[%clk 0:01:43]} Qe4+ {[%clk 0:03:29]} 36. Kg1 {[%clk 0:01:40]} Bh3
{[%clk 0:03:27]} 0-1

[Event "Team Championship Russia (Rapid, Women)"]
[Site "Sochi"]
[Date "2018.10.08"]
[Round "1.10"]
[White "Voit, Daria"]
[Black "Vyrtosu, Natalia"]
[Result "1-0"]
[BlackElo "1877"]
[WhiteElo "2355"]
[LiveChessVersion "1.4.8"]

1. Nf3 {[%clk 0:15:19]} Nf6 {[%clk 0:15:19]} 2. c4 {[%clk 0:15:27]} c6
{[%clk 0:15:23]} 3. d4 {[%clk 0:15:35]} d5 {[%clk 0:15:31]} 4. Nc3
{[%clk 0:15:40]} Bf5 {[%clk 0:15:06]} 5. cxd5 {[%clk 0:15:44]} Nxd5
{[%clk 0:14:54]} 6. e3 {[%clk 0:15:08]} e6 {[%clk 0:14:56]} 7. Bd3
{[%clk 0:15:10]} Bxd3 {[%clk 0:15:00]} 8. Qxd3 {[%clk 0:15:18]} Nd7
{[%clk 0:14:29]} 9. e4 {[%clk 0:15:11]} Nxc3 {[%clk 0:14:18]} 10. bxc3
{[%clk 0:15:20]} Be7 {[%clk 0:14:20]} 11. O-O {[%clk 0:15:21]} O-O
{[%clk 0:14:27]} 12. Bf4 {[%clk 0:15:29]} Bf6 {[%clk 0:13:54]} 13. Rab1
{[%clk 0:15:14]} b5 {[%clk 0:13:53]} 14. c4 {[%clk 0:13:43]} a6 {[%clk 0:12:37]}
15. cxb5 {[%clk 0:13:43]} axb5 {[%clk 0:12:19]} 16. Rfc1 {[%clk 0:13:42]} Ra6
{[%clk 0:10:00]} 17. d5 {[%clk 0:12:57]} exd5 {[%clk 0:10:00]} 18. exd5
{[%clk 0:13:03]} cxd5 {[%clk 0:09:51]} 19. Rxb5 {[%clk 0:13:04]} d4
{[%clk 0:05:52]} 20. Rd5 {[%clk 0:12:47]} Ne5 {[%clk 0:03:10]} 21. Rxe5
{[%clk 0:11:47]} Bxe5 {[%clk 0:03:18]} 22. Bxe5 {[%clk 0:11:55]} Rxa2
{[%clk 0:03:22]} 23. Qxd4 {[%clk 0:11:16]} Qxd4 {[%clk 0:03:07]} 24. Bxd4
{[%clk 0:11:25]} f6 {[%clk 0:02:55]} 25. g4 {[%clk 0:11:29]} Ra3 {[%clk 0:02:24]}
26. Kg2 {[%clk 0:11:37]} Rd8 {[%clk 0:02:32]} 27. Be3 {[%clk 0:11:44]} Rd7
{[%clk 0:02:38]} 28. h3 {[%clk 0:11:45]} Kf7 {[%clk 0:02:46]} 29. Nd4
{[%clk 0:11:51]} Rd3 {[%clk 0:02:38]} 30. Nf5 {[%clk 0:11:57]} R3d5
{[%clk 0:02:41]} 31. Rc8 {[%clk 0:12:02]} Rd8 {[%clk 0:02:34]} 32. Rc6
{[%clk 0:12:10]} R8d7 {[%clk 0:02:42]} 33. Kf3 {[%clk 0:12:17]} h5
{[%clk 0:02:39]} 34. Ke4 {[%clk 0:12:02]} hxg4 {[%clk 0:02:37]} 35. hxg4
{[%clk 0:12:10]} Re5+ {[%clk 0:02:45]} 36. Kf4 {[%clk 0:12:15]} Red5
{[%clk 0:02:49]} 37. Ng3 {[%clk 0:12:18]} Rd3 {[%clk 0:02:37]} 38. Ne4
{[%clk 0:12:23]} R3d5 {[%clk 0:02:35]} 39. Nc5 {[%clk 0:12:29]} Re7
{[%clk 0:02:40]} 40. Rc8 {[%clk 0:12:17]} Kg6 {[%clk 0:02:30]} 41. Ne4
{[%clk 0:12:17]} Kf7 {[%clk 0:02:15]} 42. Bc5 {[%clk 0:12:19]} Red7
{[%clk 0:02:20]} 43. Rf8+ {[%clk 0:12:25]} Kg6 {[%clk 0:02:27]} 44. Be3
{[%clk 0:11:36]} Rd8 {[%clk 0:02:30]} 45. Rxd8 {[%clk 0:11:36]} Rxd8
{[%clk 0:02:39]} 46. Ng3 {[%clk 0:11:40]} Rd5 {[%clk 0:02:37]} 47. Nf5
{[%clk 0:11:46]} Kf7 {[%clk 0:02:42]} 48. Ke4 {[%clk 0:11:50]} Re5+
{[%clk 0:02:48]} 49. Kd4 {[%clk 0:11:59]} g6 {[%clk 0:02:47]} 50. Ng3
{[%clk 0:11:57]} Ra5 {[%clk 0:02:35]} 51. Ke4 {[%clk 0:11:55]} Ke6
{[%clk 0:02:33]} 52. Bd4 {[%clk 0:11:55]} Rg5 {[%clk 0:02:27]} 53. f3
{[%clk 0:11:51]} Ra5 {[%clk 0:02:24]} 54. Kd3 {[%clk 0:09:57]} Ra3+
{[%clk 0:02:28]} 55. Bc3 {[%clk 0:10:05]} Ra6 {[%clk 0:02:13]} 56. Ne4
{[%clk 0:10:08]} Kf7 {[%clk 0:02:13]} 57. Bxf6 {[%clk 0:10:05]} Rxf6
{[%clk 0:02:11]} 58. Nxf6 {[%clk 0:10:14]} Kxf6 {[%clk 0:02:20]} 59. f4
{[%clk 0:10:19]} Ke7 {[%clk 0:02:12]} 60. Kc4 {[%clk 0:10:22]} Ke6
{[%clk 0:02:12]} 61. Kc5 {[%clk 0:10:29]} Ke7 {[%clk 0:01:57]} 62. Kd5
{[%clk 0:10:36]} Kd7 {[%clk 0:02:01]} 63. Ke5 {[%clk 0:10:44]} Ke7
{[%clk 0:02:10]} 64. g5 {[%clk 0:10:54]} Kf7 {[%clk 0:02:15]} 65. Kd6
{[%clk 0:11:03]} Kf8 {[%clk 0:02:13]} 66. Ke6 {[%clk 0:11:09]} Kg7
{[%clk 0:02:22]} 67. Ke7 {[%clk 0:11:18]} Kg8 {[%clk 0:02:27]} 68. Kf6
{[%clk 0:11:26]} Kh7 {[%clk 0:02:28]} 69. Kf7 {[%clk 0:11:34]} 1-0

[Event "Team Championship Russia (Rapid, Women)"]
[Site "Sochi"]
[Date "2018.10.08"]
[Round "1.11"]
[White "Girshgorn, Maria"]
[Black "Kovalevskaya, Ekaterina"]
[Result "0-1"]
[BlackElo "2307"]
[WhiteElo "1916"]
[LiveChessVersion "1.4.8"]

1. d4 {[%clk 0:15:18]} Nf6 {[%clk 0:15:18]} 2. Nf3 {[%clk 0:15:27]} c5
{[%clk 0:15:26]} 3. g3 {[%clk 0:15:35]} cxd4 {[%clk 0:15:29]} 4. Nxd4
{[%clk 0:15:43]} e5 {[%clk 0:15:34]} 5. Nf3 {[%clk 0:15:50]} Nc6 {[%clk 0:15:42]}
6. Bg2 {[%clk 0:15:58]} d5 {[%clk 0:15:44]} 7. O-O {[%clk 0:16:04]} Be7
{[%clk 0:15:52]} 8. b3 {[%clk 0:16:02]} O-O {[%clk 0:15:43]} 9. Bb2
{[%clk 0:16:10]} Qc7 {[%clk 0:15:38]} 10. Nbd2 {[%clk 0:15:20]} Bf5
{[%clk 0:14:53]} 11. Rc1 {[%clk 0:14:57]} Rad8 {[%clk 0:14:46]} 12. e3
{[%clk 0:14:54]} Rfe8 {[%clk 0:12:48]} 13. Qe2 {[%clk 0:11:23]} Bg4
{[%clk 0:12:09]} 14. h3 {[%clk 0:10:51]} Bh5 {[%clk 0:12:17]} 15. g4
{[%clk 0:10:54]} Bg6 {[%clk 0:12:26]} 16. Nh4 {[%clk 0:10:47]} d4
{[%clk 0:10:29]} 17. Nxg6 {[%clk 0:09:34]} hxg6 {[%clk 0:10:37]} 18. e4
{[%clk 0:08:54]} Nb4 {[%clk 0:10:39]} 19. a3 {[%clk 0:07:22]} Na2
{[%clk 0:09:22]} 20. Ra1 {[%clk 0:07:19]} Nc3 {[%clk 0:09:17]} 21. Qd3
{[%clk 0:06:33]} Nd7 {[%clk 0:07:13]} 22. Bxc3 {[%clk 0:04:45]} dxc3
{[%clk 0:07:16]} 23. Nc4 {[%clk 0:04:20]} Bc5 {[%clk 0:05:54]} 24. Ne3
{[%clk 0:02:56]} Bxe3 {[%clk 0:05:39]} 25. Qxe3 {[%clk 0:03:04]} Nf8
{[%clk 0:05:36]} 26. Rfd1 {[%clk 0:02:34]} Ne6 {[%clk 0:05:41]} 27. Bf1
{[%clk 0:02:00]} Nd4 {[%clk 0:05:30]} 28. Rac1 {[%clk 0:01:44]} Rd6
{[%clk 0:03:45]} 29. g5 {[%clk 0:01:00]} Nxc2 {[%clk 0:03:12]} 30. Qf3
{[%clk 0:00:36]} Rxd1 {[%clk 0:03:13]} 31. Qxd1 {[%clk 0:00:42]} Nd4
{[%clk 0:03:19]} 32. Bc4 {[%clk 0:00:40]} c2 {[%clk 0:03:19]} 33. Qd3
{[%clk 0:00:26]} Qe7 {[%clk 0:03:04]} 34. h4 {[%clk 0:00:28]} Qxa3
{[%clk 0:03:08]} 35. Qe3 {[%clk 0:00:14]} b5 {[%clk 0:02:46]} 36. Bf1
{[%clk 0:00:14]} Rc8 {[%clk 0:02:46]} 0-1

[Event "Team Championship Russia (Rapid, Women)"]
[Site "Sochi"]
[Date "2018.10.08"]
[Round "1.12"]
[White "Dordzhieva, Dinara"]
[Black "Bondareva, Daria"]
[Result "1-0"]
[BlackElo "1791"]
[WhiteElo "2248"]
[LiveChessVersion "1.4.8"]

1. Nf3 {[%clk 0:15:18]} Nf6 {[%clk 0:15:17]} 2. c4 {[%clk 0:15:26]} e6
{[%clk 0:15:25]} 3. g3 {[%clk 0:15:35]} d5 {[%clk 0:14:29]} 4. Bg2
{[%clk 0:15:44]} dxc4 {[%clk 0:14:22]} 5. Qa4+ {[%clk 0:15:51]} c6
{[%clk 0:14:09]} 6. Qxc4 {[%clk 0:15:57]} b5 {[%clk 0:12:41]} 7. Qc2
{[%clk 0:16:06]} Bb7 {[%clk 0:12:50]} 8. a4 {[%clk 0:16:13]} a6 {[%clk 0:10:51]}
9. Nc3 {[%clk 0:16:21]} Bd6 {[%clk 0:09:27]} 10. O-O {[%clk 0:16:29]} O-O
{[%clk 0:09:28]} 11. d4 {[%clk 0:16:32]} Nbd7 {[%clk 0:09:06]} 12. Rd1
{[%clk 0:16:29]} Qc7 {[%clk 0:08:41]} 13. e4 {[%clk 0:15:05]} e5 {[%clk 0:07:40]}
14. Bg5 {[%clk 0:15:14]} h6 {[%clk 0:05:09]} 15. dxe5 {[%clk 0:15:10]} Bxe5
{[%clk 0:05:06]} 16. Nxe5 {[%clk 0:15:10]} Qxe5 {[%clk 0:04:03]} 17. Bf4
{[%clk 0:15:07]} Qe6 {[%clk 0:04:12]} 18. Rd6 {[%clk 0:15:02]} Qe7
{[%clk 0:04:21]} 19. Rad1 {[%clk 0:15:11]} Ne5 {[%clk 0:04:30]} 20. b3
{[%clk 0:14:35]} Ne8 {[%clk 0:02:24]} 21. R6d2 {[%clk 0:14:31]} f6
{[%clk 0:01:41]} 22. h3 {[%clk 0:14:33]} Nc7 {[%clk 0:01:49]} 23. Ne2
{[%clk 0:14:22]} Rad8 {[%clk 0:01:24]} 24. axb5 {[%clk 0:13:29]} cxb5
{[%clk 0:00:34]} 25. Nd4 {[%clk 0:13:37]} Ne6 {[%clk 0:00:42]} 26. Nf5
{[%clk 0:13:45]} Qf7 {[%clk 0:00:43]} 27. Rxd8 {[%clk 0:13:16]} Rxd8
{[%clk 0:00:52]} 28. Rxd8+ {[%clk 0:13:18]} Nxd8 29. Bxh6 {[%clk 0:13:21]} Ne6
{[%clk 0:00:54]} 30. Bxg7 {[%clk 0:13:23]} Kh7 {[%clk 0:00:41]} 31. Bh6
{[%clk 0:12:48]} Qd7 {[%clk 0:00:50]} 32. Be3 {[%clk 0:12:50]} Qd3
{[%clk 0:00:30]} 33. Qxd3 {[%clk 0:09:20]} Nxd3 {[%clk 0:00:39]} 34. f3
{[%clk 0:09:30]} Ndc5 {[%clk 0:00:21]} 35. b4 {[%clk 0:09:22]} Nd3
{[%clk 0:00:24]} 36. Bd2 {[%clk 0:09:31]} Ne5 {[%clk 0:00:14]} 37. Bc3
{[%clk 0:09:35]} Kg6 {[%clk 0:00:15]} 38. f4 {[%clk 0:09:32]} Nc4
{[%clk 0:00:18]} 39. Ne7+ {[%clk 0:09:09]} Kf7 {[%clk 0:00:26]} 40. Nd5
{[%clk 0:09:18]} Bxd5 {[%clk 0:00:17]} 41. exd5 {[%clk 0:09:27]} Nd8
{[%clk 0:00:26]} 42. Kf2 {[%clk 0:09:19]} Nb7 {[%clk 0:00:35]} 43. g4
{[%clk 0:09:19]} Nbd6 {[%clk 0:00:44]} 44. h4 {[%clk 0:09:19]} Nb6
{[%clk 0:00:51]} 45. Bd4 {[%clk 0:09:15]} Na4 {[%clk 0:00:40]} 46. h5
{[%clk 0:09:18]} f5 {[%clk 0:00:20]} 47. g5 {[%clk 0:09:21]} 1-0

[Event "Team Championship Russia (Rapid, Women)"]
[Site "Sochi"]
[Date "2018.10.08"]
[Round "2.1"]
[White "Pogonina, Natalija"]
[Black "Gunina, Valentina"]
[Result "1/2-1/2"]
[BlackElo "2459"]
[WhiteElo "2444"]
[LiveChessVersion "1.4.8"]

1. d4 {[%clk 0:15:17]} Nf6 {[%clk 0:15:18]} 2. c4 {[%clk 0:15:25]} e6
{[%clk 0:15:27]} 3. g3 {[%clk 0:15:33]} d5 {[%clk 0:15:34]} 4. Bg2
{[%clk 0:15:39]} Be7 {[%clk 0:15:41]} 5. Nf3 {[%clk 0:15:44]} O-O
{[%clk 0:15:48]} 6. O-O {[%clk 0:15:52]} Nbd7 {[%clk 0:15:52]} 7. Qc2
{[%clk 0:15:38]} c6 {[%clk 0:16:00]} 8. Nbd2 {[%clk 0:15:41]} b6 {[%clk 0:16:01]}
9. e4 {[%clk 0:15:34]} dxc4 {[%clk 0:16:08]} 10. Nxc4 {[%clk 0:15:34]} Bb7
{[%clk 0:16:16]} 11. Bg5 {[%clk 0:14:12]} c5 {[%clk 0:15:38]} 12. e5
{[%clk 0:14:05]} Nd5 {[%clk 0:15:36]} 13. Bxe7 {[%clk 0:14:07]} Qxe7
{[%clk 0:15:44]} 14. Nd6 {[%clk 0:13:02]} Ba6 {[%clk 0:15:52]} 15. Rfe1
{[%clk 0:13:10]} cxd4 {[%clk 0:15:41]} 16. Qa4 {[%clk 0:12:06]} Nc5
{[%clk 0:15:42]} 17. Qxd4 {[%clk 0:12:10]} f6 {[%clk 0:15:30]} 18. Nf5
{[%clk 0:10:32]} Qf7 {[%clk 0:14:11]} 19. exf6 {[%clk 0:09:44]} Qxf6
{[%clk 0:13:58]} 20. Qxf6 {[%clk 0:09:51]} Rxf6 {[%clk 0:13:51]} 21. N5d4
{[%clk 0:09:53]} Raf8 {[%clk 0:13:29]} 22. a3 {[%clk 0:09:50]} Nd3
{[%clk 0:11:55]} 23. Rxe6 {[%clk 0:09:47]} Nxb2 {[%clk 0:11:40]} 24. Rxf6
{[%clk 0:07:34]} gxf6 {[%clk 0:11:09]} 25. Nc6 {[%clk 0:06:32]} Nc3
{[%clk 0:09:40]} 26. Nfd4 {[%clk 0:06:25]} Re8 {[%clk 0:08:09]} 27. Nb4
{[%clk 0:05:13]} Bc4 {[%clk 0:07:45]} 28. Bf1 {[%clk 0:04:32]} a5
{[%clk 0:05:38]} 29. Nbc6 {[%clk 0:04:31]} Bxf1 {[%clk 0:05:44]} 30. Kxf1
{[%clk 0:04:37]} Nd3 {[%clk 0:05:42]} 31. Nf5 {[%clk 0:04:21]} Re2
{[%clk 0:05:20]} 32. Nh6+ {[%clk 0:04:06]} Kg7 {[%clk 0:04:25]} 33. Ng4
{[%clk 0:04:14]} Re6 {[%clk 0:03:29]} 34. Nd4 {[%clk 0:04:00]} Re4
{[%clk 0:03:38]} 35. Ne3 {[%clk 0:03:48]} Kg6 {[%clk 0:03:40]} 36. Ne2
{[%clk 0:03:48]} Nxe2 {[%clk 0:03:12]} 37. Kxe2 {[%clk 0:03:56]} Nc5
{[%clk 0:03:15]} 38. Rb1 {[%clk 0:03:55]} Ra4 {[%clk 0:03:18]} 39. Nc2
{[%clk 0:03:08]} Re4+ {[%clk 0:03:26]} 40. Kd2 {[%clk 0:03:02]} Re6
{[%clk 0:03:21]} 41. f3 {[%clk 0:02:37]} Rd6+ {[%clk 0:03:23]} 42. Ke2
{[%clk 0:02:44]} Na4 {[%clk 0:03:32]} 43. Rb3 {[%clk 0:02:20]} Rd5
{[%clk 0:03:16]} 44. Ke3 {[%clk 0:02:12]} Rd1 {[%clk 0:03:18]} 45. Rd3
{[%clk 0:01:53]} Rc1 {[%clk 0:03:14]} 46. Rd2 {[%clk 0:01:33]} Nc5
{[%clk 0:03:16]} 47. h4 {[%clk 0:01:24]} h5 {[%clk 0:03:24]} 48. Kf4
{[%clk 0:01:18]} b5 {[%clk 0:03:21]} 49. g4 {[%clk 0:01:20]} b4 {[%clk 0:02:31]}
50. axb4 {[%clk 0:01:24]} axb4 {[%clk 0:02:40]} 51. gxh5+ {[%clk 0:01:22]} Kg7
{[%clk 0:02:16]} 52. Ne3 {[%clk 0:01:24]} b3 {[%clk 0:02:18]} 53. Nf5+
{[%clk 0:01:22]} Kh7 {[%clk 0:02:20]} 54. Re2 {[%clk 0:01:06]} b2
{[%clk 0:02:13]} 55. Re7+ {[%clk 0:00:33]} Kg8 {[%clk 0:02:22]} 56. Re8+
{[%clk 0:00:41]} Kf7 {[%clk 0:02:02]} 57. Nd6+ {[%clk 0:00:50]} Kg7
{[%clk 0:02:11]} 58. Re7+ {[%clk 0:00:31]} Kf8 {[%clk 0:02:06]} 59. Re8+
{[%clk 0:00:39]} Kg7 {[%clk 0:02:15]} 60. Re7+ {[%clk 0:00:48]} Kf8
{[%clk 0:02:24]} 61. Re8+ 1/2-1/2

[Event "Team Championship Russia (Rapid, Women)"]
[Site "Sochi"]
[Date "2018.10.08"]
[Round "2.2"]
[White "Bivol, Alina"]
[Black "Girya, Olga"]
[Result "0-1"]
[BlackElo "2440"]
[WhiteElo "2322"]
[LiveChessVersion "1.4.8"]

1. Nf3 {[%clk 0:15:19]} d5 {[%clk 0:15:18]} 2. g3 {[%clk 0:15:28]} Bg4
{[%clk 0:15:27]} 3. Bg2 {[%clk 0:15:36]} c6 {[%clk 0:15:35]} 4. d3
{[%clk 0:15:44]} Nd7 {[%clk 0:15:31]} 5. O-O {[%clk 0:15:49]} Ngf6
{[%clk 0:15:40]} 6. h3 {[%clk 0:15:58]} Bh5 {[%clk 0:15:48]} 7. Qe1
{[%clk 0:16:07]} e5 {[%clk 0:15:55]} 8. e4 {[%clk 0:16:16]} dxe4 {[%clk 0:15:49]}
9. dxe4 Be7 10. Nh4 {[%clk 0:16:28]} O-O {[%clk 0:15:56]} 11. Nf5
{[%clk 0:16:26]} Re8 {[%clk 0:15:08]} 12. Nd2 {[%clk 0:16:31]} Bf8
{[%clk 0:15:16]} 13. Nc4 {[%clk 0:16:34]} Qc7 {[%clk 0:15:23]} 14. Kh2
{[%clk 0:15:45]} b5 {[%clk 0:14:35]} 15. Nd2 {[%clk 0:15:34]} Nc5
{[%clk 0:14:41]} 16. b3 {[%clk 0:15:24]} Nfd7 {[%clk 0:14:07]} 17. Bb2
{[%clk 0:15:11]} f6 {[%clk 0:14:03]} 18. Qe3 {[%clk 0:14:39]} a5 {[%clk 0:13:44]}
19. a3 {[%clk 0:13:47]} Ne6 {[%clk 0:13:31]} 20. a4 {[%clk 0:12:43]} Nb6
{[%clk 0:12:50]} 21. axb5 {[%clk 0:11:26]} cxb5 {[%clk 0:12:59]} 22. Rfc1
{[%clk 0:11:22]} Bc5 {[%clk 0:10:11]} 23. Qe1 {[%clk 0:11:31]} a4
{[%clk 0:10:01]} 24. Ra2 {[%clk 0:09:42]} a3 {[%clk 0:09:08]} 25. Ba1
{[%clk 0:09:35]} Red8 {[%clk 0:09:07]} 26. Ne3 {[%clk 0:09:17]} Qa7
{[%clk 0:07:46]} 27. c3 {[%clk 0:08:21]} Bf7 {[%clk 0:07:09]} 28. Qe2
{[%clk 0:06:20]} Nc7 {[%clk 0:06:23]} 29. Nf5 {[%clk 0:05:43]} Bf8
{[%clk 0:05:00]} 30. Rac2 {[%clk 0:03:49]} Nd7 {[%clk 0:04:44]} 31. c4
{[%clk 0:03:09]} b4 {[%clk 0:04:37]} 32. Ne3 {[%clk 0:02:57]} Nc5
{[%clk 0:04:36]} 33. Nd5 {[%clk 0:03:04]} N7e6 {[%clk 0:04:11]} 34. Nxb4
{[%clk 0:02:45]} Nxb3 {[%clk 0:03:34]} 35. Nxb3 {[%clk 0:01:22]} Bxb4
{[%clk 0:03:42]} 36. Bf1 {[%clk 0:01:23]} Qa4 {[%clk 0:03:06]} 37. Qe3
{[%clk 0:00:54]} Rac8 {[%clk 0:03:15]} 38. c5 {[%clk 0:00:44]} a2
{[%clk 0:00:44]} 39. Bc4 {[%clk 0:00:45]} Ba3 {[%clk 0:00:53]} 40. Bb2
{[%clk 0:00:27]} Bxb2 {[%clk 0:00:46]} 41. Rxb2 {[%clk 0:00:36]} Rb8
{[%clk 0:00:30]} 42. Ra1 {[%clk 0:00:30]} Qxc4 {[%clk 0:00:37]} 43. Raxa2
{[%clk 0:00:37]} Ng5 {[%clk 0:00:35]} 44. Na5 {[%clk 0:00:41]} Qe6
{[%clk 0:00:34]} 45. g4 {[%clk 0:00:51]} Rxb2 {[%clk 0:00:33]} 46. Rxb2
{[%clk 0:01:00]} Qa6 {[%clk 0:00:36]} 47. Qc3 {[%clk 0:01:01]} Nxe4
{[%clk 0:00:42]} 48. Qb4 {[%clk 0:01:07]} Ng5 {[%clk 0:00:39]} 49. c6
{[%clk 0:01:14]} Be6 {[%clk 0:00:25]} 50. Nb7 {[%clk 0:00:54]} Rf8
{[%clk 0:00:21]} 51. Qd6 {[%clk 0:00:54]} Qf1 {[%clk 0:00:24]} 52. Qa3
{[%clk 0:00:39]} Bd5 {[%clk 0:00:30]} 53. Kg3 {[%clk 0:00:17]} Qxh3#
{[%clk 0:00:37]} 0-1

[Event "Team Championship Russia (Rapid, Women)"]
[Site "Sochi"]
[Date "2018.10.08"]
[Round "2.3"]
[White "Guseva, Marina"]
[Black "Drozdova, Dina"]
[Result "1/2-1/2"]
[BlackElo "2206"]
[WhiteElo "2320"]
[LiveChessVersion "1.4.8"]

1. d4 {[%clk 0:15:19]} Nf6 {[%clk 0:15:18]} 2. c4 {[%clk 0:15:27]} e6
{[%clk 0:15:26]} 3. Nc3 {[%clk 0:15:35]} Bb4 {[%clk 0:15:31]} 4. Nf3
{[%clk 0:15:39]} O-O {[%clk 0:14:56]} 5. Bg5 {[%clk 0:15:43]} d5 {[%clk 0:11:02]}
6. cxd5 {[%clk 0:15:34]} exd5 {[%clk 0:11:10]} 7. Qb3 {[%clk 0:15:40]} Bxc3+
{[%clk 0:10:43]} 8. bxc3 {[%clk 0:15:35]} c6 {[%clk 0:10:42]} 9. e3
{[%clk 0:15:38]} Nbd7 {[%clk 0:10:44]} 10. Be2 {[%clk 0:14:49]} h6
{[%clk 0:10:41]} 11. Bh4 {[%clk 0:14:39]} Re8 {[%clk 0:10:45]} 12. O-O
{[%clk 0:14:44]} Qe7 {[%clk 0:08:48]} 13. a4 {[%clk 0:10:35]} g5 {[%clk 0:07:25]}
14. Bg3 {[%clk 0:10:43]} Ne4 {[%clk 0:07:34]} 15. Qb2 {[%clk 0:09:49]} h5
{[%clk 0:06:47]} 16. Bc7 {[%clk 0:03:03]} Ndf6 {[%clk 0:02:48]} 17. Be5
{[%clk 0:02:07]} Ng4 {[%clk 0:02:56]} 18. h3 {[%clk 0:02:06]} Nxe5
{[%clk 0:01:37]} 19. Nxe5 {[%clk 0:02:13]} f6 {[%clk 0:01:43]} 20. Nd3
{[%clk 0:00:57]} Qf7 {[%clk 0:01:38]} 21. Nc5 {[%clk 0:00:45]} Nd6
{[%clk 0:01:31]} 22. Qc2 {[%clk 0:00:43]} Bf5 {[%clk 0:01:09]} 23. Bd3
{[%clk 0:00:51]} Bxd3 {[%clk 0:01:17]} 24. Qxd3 {[%clk 0:00:59]} b6
{[%clk 0:01:20]} 25. Nb3 {[%clk 0:01:08]} Kg7 {[%clk 0:01:04]} 26. Nd2
{[%clk 0:01:16]} Qg6 {[%clk 0:01:07]} 27. Qxg6+ {[%clk 0:01:21]} Kxg6
{[%clk 0:01:16]} 28. Rfc1 {[%clk 0:01:28]} g4 {[%clk 0:01:09]} 29. c4
{[%clk 0:01:25]} gxh3 {[%clk 0:00:29]} 30. cxd5 {[%clk 0:01:19]} cxd5
{[%clk 0:00:32]} 31. Rc6 {[%clk 0:01:28]} Red8 {[%clk 0:00:29]} 32. gxh3
{[%clk 0:01:32]} Rac8 {[%clk 0:00:37]} 33. Rac1 {[%clk 0:01:39]} Kf5
{[%clk 0:00:25]} 34. Kg2 {[%clk 0:01:38]} Rxc6 {[%clk 0:00:29]} 35. Rxc6
{[%clk 0:01:47]} Rd7 {[%clk 0:00:38]} 36. f3 {[%clk 0:01:50]} Rg7+
{[%clk 0:00:42]} 37. Kf2 {[%clk 0:01:57]} Ke6 {[%clk 0:00:37]} 38. e4
{[%clk 0:02:01]} h4 {[%clk 0:00:41]} 39. a5 {[%clk 0:01:41]} bxa5
{[%clk 0:00:37]} 40. Nb3 {[%clk 0:01:50]} dxe4 {[%clk 0:00:27]} 41. fxe4
{[%clk 0:01:54]} Kd7 {[%clk 0:00:36]} 42. Nxa5 {[%clk 0:01:55]} Nxe4+
{[%clk 0:00:41]} 43. Ke3 {[%clk 0:02:04]} Nd6 {[%clk 0:00:23]} 44. Ra6
{[%clk 0:02:12]} Rg3+ {[%clk 0:00:32]} 45. Kf4 {[%clk 0:02:19]} Rxh3
{[%clk 0:00:38]} 46. Rxa7+ {[%clk 0:02:08]} Ke6 {[%clk 0:00:38]} 47. Nb7
{[%clk 0:02:02]} Nxb7 {[%clk 0:00:43]} 48. Rxb7 {[%clk 0:02:11]} Rh1
{[%clk 0:00:49]} 49. Rh7 {[%clk 0:02:06]} h3 {[%clk 0:00:57]} 50. Rh5
{[%clk 0:01:57]} h2 {[%clk 0:00:38]} 51. Kg3 {[%clk 0:02:06]} Rd1
{[%clk 0:00:26]} 52. Rxh2 {[%clk 0:02:10]} Rxd4 {[%clk 0:00:34]} 53. Kf3
{[%clk 0:01:50]} Ke5 {[%clk 0:00:43]} 54. Rh5+ {[%clk 0:01:57]} f5
{[%clk 0:00:51]} 55. Rh8 {[%clk 0:02:05]} Rd3+ {[%clk 0:01:00]} 56. Kf2
{[%clk 0:02:13]} Ra3 {[%clk 0:01:09]} 57. Rb8 {[%clk 0:02:17]} Kf4
{[%clk 0:01:16]} 58. Rb4+ {[%clk 0:02:25]} Kg5 {[%clk 0:01:25]} 59. Kg2
{[%clk 0:02:11]} Rc3 {[%clk 0:01:25]} 60. Kf2 {[%clk 0:02:17]} Ra3
{[%clk 0:01:32]} 61. Kg2 {[%clk 0:02:26]} Re3 {[%clk 0:01:41]} 62. Kf2
{[%clk 0:02:33]} Ra3 {[%clk 0:01:35]} 63. Kg2 {[%clk 0:02:42]} Kf6
{[%clk 0:01:38]} 64. Kf2 {[%clk 0:02:48]} Rd3 {[%clk 0:01:46]} 65. Kg2
{[%clk 0:02:56]} Ke5 {[%clk 0:01:55]} 66. Kf2 {[%clk 0:03:04]} Rc3
{[%clk 0:01:58]} 67. Kg2 {[%clk 0:03:11]} Re3 {[%clk 0:02:04]} 68. Kf2
{[%clk 0:03:16]} Rc3 {[%clk 0:01:54]} 69. Kg2 {[%clk 0:03:22]} Ra3
{[%clk 0:01:59]} 1/2-1/2